|
|
|
|
| LEADER |
01018nam a2200253 a 4500 |
| 001 |
12947990 |
| 008 |
130424r20112003njua b 001 0 eng d |
| 010 |
|
|
|a 2002034317
|
| 020 |
|
|
|a 9788126524488
|
| 020 |
|
|
|a 0471360910
|
| 040 |
|
|
|a DLC
|c DLC
|d DLC
|d BD-DhAAL
|
| 082 |
0 |
0 |
|a 519.5/35
|2 21
|
| 100 |
1 |
|
|a Anderson, T. W.
|q (Theodore Wilbur),
|d 1918-
|
| 245 |
1 |
3 |
|a An introduction to multivariate statistical analysis /
|c T.W. Anderson.
|
| 250 |
|
|
|a 3rd ed.
|
| 260 |
|
|
|a Hoboken, N.J. ;
|a New Delhi :
|b Wiley-Interscience,
|c c2003.[Reprinted 2011]
|
| 300 |
|
|
|a xx, 721 p. :
|b ill. ;
|c 25 cm.
|
| 490 |
|
0 |
|a Wiley series in probability and statistics
|
| 504 |
|
|
|a Includes bibliographical references (p. 687-711) and index.
|
| 541 |
1 |
|
|e 00026840
|
| 650 |
|
0 |
|a Multivariate analysis.
|
| 852 |
1 |
|
|a Ayesha Abed Library
|j General Shelf.
|
| 999 |
|
|
|c 13351
|d 13351
|
| 952 |
|
|
|0 0
|1 0
|2 ddc
|4 0
|6 519_535000000000000_AND
|7 0
|9 22256
|a IGS
|b IGS
|c GEN
|d 2012-04-27
|e Mullick & Brothers
|g 935.00
|l 0
|o 519.535 AND
|p 3010026840
|r 2013-04-28
|t 1
|w 2012-04-27
|y BK
|